From Specification to Embedded Systems Application/ (Record no. 162420)

MARC details
000 -LEADER
fixed length control field 01006nam a2200277 a 4500
008 - FIXED-LENGTH DATA ELEMENTS--GENERAL INFORMATION
fixed length control field
020 ## - INTERNATIONAL STANDARD BOOK NUMBER
International Standard Book Number 0387275576 (hbk.)
049 ## - LOCAL HOLDINGS (OCLC)
Holding library MAIN
090 ## - LOCALLY ASSIGNED LC-TYPE CALL NUMBER (OCLC); LOCAL CALL NUMBER (RLIN)
Classification number (OCLC) (R) ; Classification number, CALL (RLIN) (NR) QA76SPE
003 - CONTROL NUMBER IDENTIFIER
control field
005 - DATE AND TIME OF LATEST TRANSACTION
control field 20230123134233.0
040 ## - CATALOGING SOURCE
Transcribing agency NUST
245 10 - TITLE STATEMENT
Title From Specification to Embedded Systems Application/
Statement of responsibility, etc. edited by Achim Rettberg, Mauro C. Zanella and Franz J. Rammig
260 ## - PUBLICATION, DISTRIBUTION, ETC.
Place of publication, distribution, etc. New York :
Name of publisher, distributor, etc. International Federation for Information Processing,
Date of publication, distribution, etc. 2005
300 ## - PHYSICAL DESCRIPTION
Extent xii, 320 p. :
Other physical details ill. ;
Dimensions 24 cm.
504 ## - BIBLIOGRAPHY, ETC. NOTE
Bibliography, etc. note Includes bibliographical references.
611 ## - SUBJECT ADDED ENTRY--MEETING NAME
Meeting name or jurisdiction name as entry element IFIP TC10 Working Conference: International Embedded Systems Symposium (IESS)
Date of meeting or treaty signing 2005
Location of meeting Manaus,Brazil
650 ## - SUBJECT ADDED ENTRY--TOPICAL TERM
Topical term or geographic name entry element Software Synthesis
General subdivision Power Management
650 ## - SUBJECT ADDED ENTRY--TOPICAL TERM
Topical term or geographic name entry element Network and Communication Systems
650 ## - SUBJECT ADDED ENTRY--TOPICAL TERM
Topical term or geographic name entry element Design Methodology
700 ## - ADDED ENTRY--PERSONAL NAME
Personal name Rammig, J. Franz
700 ## - ADDED ENTRY--PERSONAL NAME
Personal name Zanella, C. Mauro
700 ## - ADDED ENTRY--PERSONAL NAME
Personal name Rettberg, Achim
907 ## - LOCAL DATA ELEMENT G, LDG (RLIN)
a .b10209402
b 11-08-06
c 08-08-06
942 ## - ADDED ENTRY ELEMENTS (KOHA)
Koha item type Ordinary Loan Books
Call number prefix QA76SPE
Holdings
Date last seen Total Checkouts Full call number Barcode Cost, replacement price Price effective from Koha item type Lost status Source of classification or shelving scheme Damaged status Not for loan Collection Withdrawn status Home library Current library Shelving location Date acquired Cost, normal purchase price
01/23/2023 3 QA76 SPE 92004001002 80.00 01/23/2023 BOOKS   LCC     NFIC   MAIN MAIN GEN 01/23/2023 80.00